LEADER 01358nam a2200313 i 4500 001 000000201879 003 CaOOAMICUS 005 20251112104810.0 008 151201s2014 it u000 u ita u 013 $a180585 020 $a978-88-89832-82-0 040 $aSeMil$bita 100 1 $aBerlinguer, Enrico,$d<1922-1984>.$0(OLS)http://semarc/name/72953 245 10$aDiscorso sulla cultura /$cEnrico Berlinguer ; Prefazione di Walter Veltroni ; Con un ricordo di Roberto Borroni. 260 $aMantova :$bTre Lune,$c2014. 300 $a67 p. :$bill. ;$c21 cm. 490 0 $aAsteres ;$v21 650 4$aBerlinguer, Enrico <1922-1984> - Scritti e discorsi.$0(OLS)http://semarc/subject/58935 650 4$aItalia - Cultura.$0(OLS)http://semarc/subject/47972 700 1 $aBorroni, Roberto <1949- >.$0(OLS)http://semarc/name/72954 700 1 $aVeltroni, Walter,$d<1955- >.$0(OLS)http://semarc/name/19076 830 0$aAsteres ;$v21.$0(OLS)http://semarc/title/44497 850 $aSeMil 852 $aSeMil$W1$xVenegono$y1$m3N II 199$j152405$B152405$CSeMilBibl$Z2$F208940 $81 961 $aOmaggio: Altro 996 $6020$a978-88-89832-82-0$9(OLS)http://semarc/number/194668 996 $6245$aDiscorso sulla cultura$9(OLS)http://semarc/title/292207 996 $6260$aMantova :$bTre Lune$9(OLS)http://semarc/publisher/34202 LEADER 01158nam a2200253 i 4500 001 000000127959 003 CaOOAMICUS 005 20240404100302.0 008 070702s1969 it u000 u ita u 013 $a100676 040 $aSeMil$bita 100 1 $aPirandello, Luigi,$d<1867-1936>.$0(OLS)http://semarc/name/1133 245 13$aIl berretto a sonagli ; La giara ; Il piacere dell'onestà /$cLuigi Pirandello ; con la cronologia della vita di Pirandello e dei suoi tempi, un'introduzione e una bibliografia a cura di Corrado Simioni. 260 $a[Milano] :$bArnoldo Mondadori Editore,$c1969. 300 $aLVI, 145 p. ;$c19 cm. 490 0 $aOscar Mondadori ;$v251 700 1 $aSimioni, Corrado.$0(OLS)http://semarc/name/31497 830 0$aOscar ;$v251.$0(OLS)http://semarc/title/8669 850 $aSeMil 852 $aSeMil$W1$xVenegono$y1$m1C II 266$j247335$B82203$CSeMilBibl$Z2$F124704 $81 961 $aRecupero: Altro 996 $6245$aIl berretto a sonagli ; La giara ; Il piacere dell'onestà$9(OLS)http://semarc/title/188979 996 $6260$a[Milano] :$bArnoldo Mondadori Editore$9(OLS)http://semarc/publisher/29634